Analysis and modeling of relationships between accidents and the geometric and traffic characteristics of the interstate system. (Record no. 528340)

000 -LEADER
fixed length control field 01238cam a2200301 4500
001 - CONTROL NUMBER
control field 4136447
003 - CONTROL NUMBER IDENTIFIER
control field NUST
005 - DATE AND TIME OF LATEST TRANSACTION
control field 20190906072808.0
008 - FIXED-LENGTH DATA ELEMENTS--GENERAL INFORMATION
fixed length control field 700924s1969 dcua b 000 0 eng
010 ## - LIBRARY OF CONGRESS CONTROL NUMBER
LC control number 76604113
038 ## - RECORD CONTENT LICENSOR
Staff Name MSOHAIL
040 ## - CATALOGING SOURCE
Original cataloging agency DLC
Transcribing agency DLC
Modifying agency DLC
050 00 - LIBRARY OF CONGRESS CALL NUMBER
Classification number TE175
Item number .F43
082 00 - DEWEY DECIMAL CLASSIFICATION NUMBER
Classification number 625.72
Edition number FEE
100 1# - MAIN ENTRY--PERSONAL NAME
Personal name Fee, Julie Anna.
9 (RLIN) 20083
245 10 - TITLE STATEMENT
Title Analysis and modeling of relationships between accidents and the geometric and traffic characteristics of the interstate system.
Statement of responsibility, etc. Prepared by Julie Anna Cirillo, Stephen K. Dietz [and] Richard L. Beatty, for the Office of Research and Development, Traffic Systems Division.
260 ## - PUBLICATION, DISTRIBUTION, ETC.
Place of publication, distribution, etc. [Washington]
Name of publisher, distributor, etc. U.S. Bureau of Public Roads; for sale by the Supt. of Docs., U.S. Govt. Print. Off.,
Date of publication, distribution, etc. 1969.
300 ## - PHYSICAL DESCRIPTION
Extent v, 95 p.
Other physical details illus.
Dimensions 24 x 31 cm.
350 ## - PRICE (NR) (BK AM CF MU VM SE) [OBSOLETE]
Price 1.00
504 ## - BIBLIOGRAPHY, ETC. NOTE
Bibliography, etc. note Bibliography: p. 95.
650 #0 - SUBJECT ADDED ENTRY--TOPICAL TERM
Topical term or geographic name entry element Express highways
General subdivision Design and construction.
9 (RLIN) 19682
650 #0 - SUBJECT ADDED ENTRY--TOPICAL TERM
Topical term or geographic name entry element Traffic accidents.
9 (RLIN) 19603
700 1# - ADDED ENTRY--PERSONAL NAME
Personal name Dietz, Stephen K.,
Relator term joint author.
9 (RLIN) 20084
700 1# - ADDED ENTRY--PERSONAL NAME
Personal name Beatty, Richard L.,
Relator term joint author.
9 (RLIN) 20085
710 1# - ADDED ENTRY--CORPORATE NAME
Corporate name or jurisdiction name as entry element United States.
Subordinate unit Bureau of Public Roads.
9 (RLIN) 19975
906 ## - LOCAL DATA ELEMENT F, LDF (RLIN)
a 7
b cbc
c orignew
d 4
e ncip
f 19
g y-gencatlg
942 ## - ADDED ENTRY ELEMENTS (KOHA)
Source of classification or shelving scheme
Koha item type Book
Holdings
Withdrawn status Lost status Source of classification or shelving scheme Damaged status Not for loan Permanent Location Current Location Date acquired Total Checkouts Full call number Barcode Date last seen Price effective from Koha item type
          School of Civil and Environmental Engineering (SCEE) School of Civil and Environmental Engineering (SCEE) 09/06/2019   625.72 NIT-10386 09/06/2019 09/06/2019 Book
© 2023 Central Library, National University of Sciences and Technology. All Rights Reserved.